America's trade crisis
Uloženo v:
| Korporativní autor: | |
|---|---|
| Médium: | Kniha |
| Jazyk: | Undetermined |
| Vydáno: |
Boston
Houghton Mifflin Company
1988
|
| Témata: | |
| Tagy: |
Přidat tag
Žádné tagy, Buďte první, kdo otaguje tento záznam!
|
| Thư viện lưu trữ: | Trung tâm Học liệu Trường Đại học Cần Thơ |
|---|
| LEADER | 00492nam a2200181Ia 4500 | ||
|---|---|---|---|
| 001 | CTU_79343 | ||
| 008 | 210402s9999 xx 000 0 und d | ||
| 082 | |a 382.1 | ||
| 082 | |b C749 | ||
| 110 | |a Congressman Don Bonker | ||
| 245 | 0 | |a America's trade crisis | |
| 245 | 0 | |c Congressman Don Bonker | |
| 260 | |a Boston | ||
| 260 | |b Houghton Mifflin Company | ||
| 260 | |c 1988 | ||
| 650 | |a Balance of trade | ||
| 650 | |z United States | ||
| 980 | |a Trung tâm Học liệu Trường Đại học Cần Thơ | ||